Queens of the Stone Age Trivia - Statistics

General Stats
  • This quiz has been taken 164 times
  • The average score is 10 of 21
Answer Stats
Question Answer % Correct
Vocalist Josh Homme
96%
Debut Album Queens of the Stone Age
84%
2nd Album Rated R
84%
3rd Album Songs for the Deaf
84%
5th Album Era Vulgaris
83%
6th Album ...Like Clockwork
83%
Previous Famous Drummer Dave Grohl
77%
4th Album Lullabies to Paralyze
76%
Guitarist Troy Van Leeuwen
61%
Formed in 1996
55%
Bassist Michael Shuman
52%
Drummer Jon Theodore
48%
Guitarist Dean Fertita
46%
8th Album Villians
34%
2nd EP Kyuss
15%
7th Album ...Like Cologne
13%
1st EP Gamma Ray
10%
6th EP Stone Age Complication
4%
5th EP Burn The Witch
2%
3rd EP The Split CD
2%
4th EP Sample This School Boy
1%
No matching quizzes found
Score Distribution
Percent of People with Each Score
Percentile by Number Answered
Your Score History
You have not taken this quiz